[Event "Sant Andreu Tram-D"]
[Site "Barcelona"]
[Date "2019.10.12"]
[Round "4.5"]
[White "Burriel Beltran, Alex"]
[Black "Fontela Hidalgo, Victor"]
[Result "0-1"]
[WhiteElo "1419"]
[BlackElo "1562"]
[PlyCount "62"]
[EventDate "2019.09.14"]
[EventType "tourn"]
[EventRounds "9"]
[EventCountry "ESP"]
[SourceTitle "EXT 2024"]
[Source "ChessBase"]
[SourceDate "2023.10.10"]
[SourceVersion "1"]
[SourceVersionDate "2023.10.10"]
[SourceQuality "1"]

1. e4 c5 2. Nf3 d6 3. d3 Nc6 4. g3 g6 5. Bg2 Bg7 6. c3 Nf6 7. 0-0 0-0 8. Be3 e5 9. h3 Nh5 10. Re1 f5 11. Qb3+ Kh8 12. Ng5 Qe7 13. exf5 gxf5 14. Bd5 Nd8 15. Kh2 f4 16. gxf4 Nxf4 17. Bxf4 Rxf4 18. Nf3 Qf6 19. Nbd2 Qh6 20. h4 Rg4 21. Re4 Rxe4 22. dxe4 Bg4 23. c4 Ne6 24. Qxb7 Rf8 25. Kg3 Qf4+ 26. Kg2 Bxf3+ 27. Nxf3 Qxf3+ 28. Kh2 Qxf2+ 29. Kh1 Qxh4+ 30. Kg1 Qg3+ 31. Kh1 Nf4 0-1

[Event "Sant Andreu Tram-D"]
[Site "Barcelona"]
[Date "2019.09.21"]
[Round "2.4"]
[White "Chiva Perez, Jordi"]
[Black "Fontela Hidalgo, Victor"]
[Result "1-0"]
[WhiteElo "1182"]
[BlackElo "1562"]
[PlyCount "59"]
[EventDate "2019.09.14"]
[EventType "tourn"]
[EventRounds "9"]
[EventCountry "ESP"]
[SourceTitle "EXT 2024"]
[Source "ChessBase"]
[SourceDate "2023.10.10"]
[SourceVersion "1"]
[SourceVersionDate "2023.10.10"]
[SourceQuality "1"]

1. e4 c5 2. Nc3 d6 3. Bc4 Nf6 4. f4 Nxe4 5. Bb5+ Bd7 6. Bxd7+ Qxd7 7. Nxe4 Qe6 8. Qe2 Nc6 9. c3 g6 10. Ng3 Qf6 11. d3 Bg7 12. Nf3 0-0 13. 0-0 b5 14. f5 Ne5 15. Nxe5 dxe5 16. Qg4 h5 17. Qf3 Qd6 18. Ne4 Qb6 19. Be3 Rad8 20. Bxc5 Qc7 21. Qe3 Qd7 22. f6 exf6 23. Bxf8 Rxf8 24. Nxf6+ Bxf6 25. Rxf6 Qe7 26. Raf1 Kg7 27. h3 b4 28. cxb4 Qxb4 29. Qxe5 Kh7 30. Rxf7+ 1-0

[Event "Barcelona Ideal Clave op 21st"]
[Site "Barcelona"]
[Date "2017.10.21"]
[Round "3"]
[White "March Mari, Josep"]
[Black "Fontela Hidalgo, Victor"]
[Result "0-1"]
[WhiteElo "1519"]
[BlackElo "1512"]
[PlyCount "56"]
[EventDate "2017.09.30"]
[EventType "swiss"]
[EventRounds "8"]
[EventCountry "ESP"]
[SourceTitle "CBM 181 Extra"]
[Source "ChessBase"]
[SourceDate "2017.12.12"]
[SourceVersion "1"]
[SourceVersionDate "2017.12.12"]
[SourceQuality "1"]

1. c4 e5 2. Nc3 Nc6 3. e4 g6 4. d3 Bg7 5. Nf3 d6 6. Be2 Nf6 7. 0-0 0-0 8. Bg5 Be6 9. Qc1 Ne7 10. Bh6 Nd7 11. Bxg7 Kxg7 12. Nd2 f5 13. f4 c6 14. fxe5 dxe5 15. exf5 gxf5 16. b3 Nf6 17. Nf3 Ng6 18. Ng5 Bc8 19. Nf3 Nf4 20. Qc2 Qb6+ 21. Kh1 Ng4 22. Bd1 Ne3 23. Qf2 Nxf1 24. Qxf1 Qe3 25. Bc2 e4 26. Re1 exf3 27. gxf3 Qd2 28. Re7+ Kh8 0-1

[Event "Barcelona Ideal Clave op 21st"]
[Site "Barcelona"]
[Date "2017.10.07"]
[Round "2"]
[White "Fontela Hidalgo, Victor"]
[Black "Ezquerra de la Fuente, Carles"]
[Result "1/2-1/2"]
[WhiteElo "1512"]
[BlackElo "1607"]
[PlyCount "84"]
[EventDate "2017.09.30"]
[EventType "swiss"]
[EventRounds "8"]
[EventCountry "ESP"]
[SourceTitle "CBM 181 Extra"]
[Source "ChessBase"]
[SourceDate "2017.12.12"]
[SourceVersion "1"]
[SourceVersionDate "2017.12.12"]
[SourceQuality "1"]

1. e4 e6 2. Nf3 d5 3. e5 c5 4. b4 Nc6 5. bxc5 Bxc5 6. d4 Bb4+ 7. c3 Ba5 8. Bd3 Bd7 9. 0-0 f6 10. Nh4 Qe7 11. Qh5+ Qf7 12. Ng6 hxg6 13. Qxh8 0-0-0 14. Qh7 Nce7 15. Qh3 g5 16. f4 gxf4 17. Bxf4 f5 18. Na3 Kb8 19. Rab1 Bxc3 20. Ba6 Bxd4+ 21. Be3 Bxe3+ 22. Qxe3 Bc6 23. Rfc1 Ka8 24. Rxb7 Bxb7 25. Bxb7+ Kxb7 26. Qb3+ Ka8 27. Rc7 Rb8 28. Qa4 Rb7 29. Qd7 Rxc7 30. Qxc7 Qe8 31. Nb5 Qb8 32. Qd7 Nc8 33. Nc7+ Kb7 34. Nxd5+ Ka8 35. Nc7+ Kb7 36. Nxe6+ Ka8 37. Nc7+ Kb7 38. Nb5+ Ka8 39. Qc6+ Qb7 40. Nc7+ Kb8 41. Na6+ Ka8 42. Nc7+ Kb8 1/2-1/2

[Event "Barcelona Ideal Clave op 20th"]
[Site "Barcelona"]
[Date "2016.11.05"]
[Round "6"]
[White "Fontela Hidalgo, Victor"]
[Black "Gonzalez Lafita, Oscar"]
[Result "0-1"]
[WhiteElo "1570"]
[BlackElo "1879"]
[PlyCount "62"]
[EventDate "2016.10.01"]
[EventType "swiss"]
[EventRounds "8"]
[EventCountry "ESP"]
[SourceTitle "EXT 2018"]
[Source "ChessBase"]
[SourceDate "2017.10.13"]
[SourceVersion "1"]
[SourceVersionDate "2017.10.13"]
[SourceQuality "1"]

1. Nf3 d5 2. c4 c6 3. g3 Nf6 4. Bg2 g6 5. b3 Bg7 6. Bb2 0-0 7. 0-0 Bg4 8. Ne5 Nfd7 9. Nxd7 Bxb2 10. Nxf8 Bxa1 11. Nxh7 Kxh7 12. Nc3 Bxc3 13. dxc3 Qa5 14. cxd5 Qxa2 15. dxc6 Nxc6 16. Qd5 Be6 17. Qg5 Qxb3 18. Bxc6 bxc6 19. Qh4+ Kg8 20. Qxe7 Qd5 21. Qb7 c5 22. Qxd5 Bxd5 23. Rd1 Be6 24. e4 a5 25. f4 a4 26. f5 gxf5 27. exf5 Bxf5 28. Rd5 Be6 29. Rxc5 a3 30. Re5 a2 31. Re1 a1Q 0-1

[Event "Barcelona Catalunya op 26th"]
[Site "Barcelona"]
[Date "2014.10.18"]
[Round "4"]
[White "Fernandez Garcia, Jesus"]
[Black "Fontela Hidalgo, Victor"]
[Result "1-0"]
[WhiteElo "1867"]
[BlackElo "1794"]
[PlyCount "71"]
[EventDate "2014.09.27"]
[EventType "swiss"]
[EventRounds "9"]
[EventCountry "ESP"]
[SourceTitle "EXT 2017"]
[Source "ChessBase"]
[SourceDate "2016.10.25"]
[SourceVersion "1"]
[SourceVersionDate "2016.10.25"]
[SourceQuality "1"]

1. e4 e6 2. Nc3 c6 3. d4 d5 4. e5 c5 5. Bb5+ Nc6 6. Nf3 Qb6 7. 0-0 cxd4 8. Qxd4 Bc5 9. Qg4 a6 10. Bxc6+ Qxc6 11. Be3 Ne7 12. Rac1 Ng6 13. Qg3 0-0 14. h4 Bxe3 15. fxe3 Qb6 16. Nd1 Ne7 17. Nd4 Qc7 18. h5 h6 19. Rf6 Kh7 20. Rf3 Nc6 21. Nxc6 bxc6 22. Nf2 a5 23. Rf1 Ba6 24. Nd3 c5 25. R1f2 Qe7 26. Nf4 Bb7 27. Qg4 Qg5 28. Qxg5 hxg5 29. Nxe6 Kg8 30. Nxg5 d4 31. Rxf7 Rxf7 32. Rxf7 Bd5 33. e6 Re8 34. exd4 cxd4 35. Rd7 Bxa2 36. e7 1-0

[Event "Barcelona La Lira op-C 14th"]
[Site "Barcelona"]
[Date "2011.07.27"]
[Round "5"]
[White "Fontela Hidalgo, Victor"]
[Black "Camprubi Guijarro, Albert"]
[Result "0-1"]
[WhiteElo "1556"]
[BlackElo "1700"]
[PlyCount "68"]
[EventDate "2011.07.23"]
[EventType "swiss"]
[EventRounds "9"]
[EventCountry "ESP"]
[SourceTitle "EXT 2024"]
[Source "ChessBase"]
[SourceDate "2023.10.10"]
[SourceVersion "1"]
[SourceVersionDate "2023.10.10"]
[SourceQuality "1"]

1. e4 e6 2. d4 d5 3. e5 c5 4. b4 cxd4 5. a3 Qc7 6. Nf3 Nc6 7. Bb2 Nxe5 8. Nxd4 a6 9. Be2 Bd6 10. 0-0 Ne7 11. b5 0-0 12. bxa6 bxa6 13. Nd2 Bd7 14. c4 Nxc4 15. Rc1 Bxh2+ 16. Kh1 Bf4 17. Bxc4 dxc4 18. Rxc4 Qd6 19. Qg4 e5 20. Qh4 Bxd2 21. Kg1 Nf5 22. Nxf5 Bxf5 23. Rd1 Qh6 24. Qe7 Bf4 25. g3 Rfe8 26. Qb7 Bg4 27. Bxe5 Bxd1 28. Rxf4 f6 29. Qd5+ Kh8 30. Rh4 Qg6 31. Qxd1 Rxe5 32. Rg4 Qe8 33. Kg2 Qc6+ 34. Kg1 Rae8 0-1

[Event "Barcelona La Lira op-C 14th"]
[Site "Barcelona"]
[Date "2011.07.26"]
[Round "4"]
[White "Custodio Criado, Jofre"]
[Black "Fontela Hidalgo, Victor"]
[Result "0-1"]
[WhiteElo "1741"]
[BlackElo "1556"]
[PlyCount "64"]
[EventDate "2011.07.23"]
[EventType "swiss"]
[EventRounds "9"]
[EventCountry "ESP"]
[SourceTitle "EXT 2024"]
[Source "ChessBase"]
[SourceDate "2023.10.10"]
[SourceVersion "1"]
[SourceVersionDate "2023.10.10"]
[SourceQuality "1"]

1. e4 e6 2. d4 d5 3. Nd2 c5 4. c3 Nc6 5. Ngf3 Qb6 6. exd5 exd5 7. Nb3 Nf6 8. Be2 c4 9. Nbd2 Qc7 10. 0-0 Bd6 11. g3 0-0 12. Kg2 Be6 13. Ng5 Qd7 14. Nxe6 fxe6 15. Rh1 Qf7 16. Nf3 e5 17. dxe5 Nxe5 18. Ng5 Qg6 19. Ne6 Qe4+ 20. f3 Nxf3 21. Nxf8 Nd4+ 22. Bf3 Nxf3 23. Qxf3 Qc2+ 24. Kh3 Rxf8 25. Rg1 Ne4 26. Qh5 Nf2+ 27. Kh4 Be7+ 28. Bg5 Bxg5+ 29. Qxg5 Rf6 30. Qxd5+ Rf7 31. Rg2 Qg6 32. Qd2 Qg4# 0-1

[Event "Barcelona La Lira op-C 14th"]
[Site "Barcelona"]
[Date "2011.07.24"]
[Round "2"]
[White "Garcia Extremera, Manuel"]
[Black "Fontela Hidalgo, Victor"]
[Result "0-1"]
[WhiteElo "1515"]
[BlackElo "1556"]
[PlyCount "60"]
[EventDate "2011.07.23"]
[EventType "swiss"]
[EventRounds "9"]
[EventCountry "ESP"]
[SourceTitle "EXT 2024"]
[Source "ChessBase"]
[SourceDate "2023.10.10"]
[SourceVersion "1"]
[SourceVersionDate "2023.10.10"]
[SourceQuality "1"]

1. e4 e6 2. d4 d5 3. Nc3 dxe4 4. Nxe4 Bd7 5. Nf3 Bc6 6. Bd3 Bxe4 7. Bxe4 c6 8. 0-0 Nd7 9. c3 Ngf6 10. Bd3 Bd6 11. Re1 0-0 12. Bg5 Qc7 13. h3 c5 14. Bxf6 Nxf6 15. Ne5 cxd4 16. cxd4 Rad8 17. Rc1 Qb6 18. Nc4 Qc7 19. Ne5 Qa5 20. a3 Qd5 21. Bc4 Qa5 22. Re3 Bxe5 23. Qf3 Bxd4 24. b4 Qf5 25. Qxf5 exf5 26. Rf3 g6 27. Kf1 Rc8 28. Rf4 Be5 29. Rf3 b5 30. Re3 Bf4 0-1

[Event "Barcelona La Lira op-D 11th"]
[Site "Barcelona"]
[Date "2008.07.25"]
[Round "7.5"]
[White "Martin Palau, Roger"]
[Black "Fontela Hidalgo, Victor"]
[Result "0-1"]
[WhiteElo "1738"]
[BlackElo "1700"]
[PlyCount "62"]
[EventDate "2008.07.19"]
[EventType "tourn"]
[EventRounds "9"]
[EventCountry "ESP"]
[SourceTitle "EXT 2024"]
[Source "ChessBase"]
[SourceDate "2023.10.10"]
[SourceVersion "1"]
[SourceVersionDate "2023.10.10"]
[SourceQuality "1"]

1. e4 c5 2. Nf3 d6 3. d4 cxd4 4. Nxd4 Nf6 5. Nc3 g6 6. Be3 Bg7 7. Qd2 Nc6 8. Bh6 Bxh6 9. Qxh6 Nxd4 10. 0-0-0 Ne6 11. e5 Ng4 12. Bb5+ Bd7 13. Qh4 Nxe5 14. Rhe1 Bxb5 15. Rxe5 a6 16. Nxb5 axb5 17. Rxb5 Rxa2 18. Rxb7 Ra1+ 19. Kd2 Qa5+ 20. Rb4 Qd5+ 21. Ke3 Rxd1 22. Rb8+ Kd7 23. Qa4+ Qc6 24. Rb7+ Nc7 25. Qg4+ f5 26. Rxc7+ Kxc7 27. Qxd1 Qxg2 28. Qa1 Ra8 29. Qd1 Qe4+ 30. Kd2 Qd4+ 31. Ke2 Qxd1+ 0-1